Online Catalogue and eLibrary

Public writings on Sri Lanka (Record no. 3874)

MARC details
000 -LEADER
fixed length control field 00405nam a2200169Ia 4500
005 - DATE AND TIME OF LATEST TRANSACTION
control field 20240613065754.0
008 - FIXED-LENGTH DATA ELEMENTS--GENERAL INFORMATION
fixed length control field 240331s9999 xx 000 0 und d
082 ## - DDC Classification
Item Number - Author Mark SAR
Class No. 350
100 ## - MAIN ENTRY--PERSONAL NAME
Personal name Sarvan,Charles
245 #0 - TITLE STATEMENT
Title Public writings on Sri Lanka
260 ## - PUBLICATION, DISTRIBUTION, ETC.
Place of publication, distribution, etc. India
Name of publisher, distributor, etc. Miruthula publications
Date of publication, distribution, etc. 2009
300 ## - PHYSICAL DESCRIPTION
Extent (e.g. Volumes, Pages etc.) x, 262 p .,
650 ## - SUBJECT ADDED ENTRY--TOPICAL TERM
Topical term or geographic name entry element Social
650 ## - SUBJECT ADDED ENTRY--TOPICAL TERM
Topical term or geographic name entry element Politics
650 ## - SUBJECT ADDED ENTRY--TOPICAL TERM
Topical term or geographic name entry element Public
942 ## - Koha item type (Biblio)
Koha item type Books in Stacks (Lending)
Holdings
Lost status Damaged status Collection code Home library Current library Shelving location Date acquired Full call number Accession Number Item type
    Lending WERC Library WERC Library Social Science Cupboard 03/31/2024 350 SAR 5015 Books in Stacks (Lending)

© WERC Library